000 00699nam a2200241Ia 4500
003 OSt
005 20220930195619.0
006 a|||||r|||| 00| 0
007 ta
008 220926b |||||||| |||| 00| 0 hin d
024 _a16143
037 _cDissertations
040 _aCRL
_cCRL
_bhin
041 _2hin
_ahin
100 _aSarsunia Lekh Ram
_9564294
110 _aUniversity of Delhi. Faculty of Arts. Department of Hindi
245 0 _aVrind-satsarh
_b Sameekshatamak adhyayan
260 _c1990
650 _aHINDI LITERATURE
_923866
700 _aUniversity of Delhi. Faculty of Arts. Department of Hindi
942 _cDIS
_2CC
999 _c899392
_d899392